000
00325nam a22001337a 4500
005
20230726120646.0
008
230726b |||||||| |||| 00| 0 eng d
041
_a
eng
100
_a
KATARIA, SHETAL
_9
7876
245
_a
BHAJAN KATHA AARTI SANGRAH
260
_a
NEW DELHI
_b
S.K. KATARIA & SONS
300
_a
112;p
942
_c
BK
999
_c
8337
_d
8335